000 01156nam a22003137a 4500
001 BR7600833
003 BR-BrBNA
005 20230928084914.0
007 ta
008 230509b bl.||||| |||| 00| 0 por d
040 _aBR-BrBNA
_bpor
_cBiblioteca Nacional de Agricultura
041 _a(Por)
072 _aT00; Q20
_b9000
_b/G514
090 _ 9000 BR7600833
100 1 _aKrug, F.J.
110 1 _aEscola Superior de Agricultura Luiz de Queiroz, Piracicaba, SP (Brasil)
_0Dissertacao (Mestre)
245 1 _aDeterminacao de mercurio por diluicao isotopica subestequiometrica [Poluicao ambiental; Toxicologia animal; Toxicologia vegetal; Brasil]
260 3 _aPiracicaba, SP (Brasil):
_c1975.
300 _a150 p.
500 _a26 illus.; 14 tables; Bibliography p. 134-150 (102 ref.); Summaries (Eng, Por). (*) Documento disponível na(o) Escola Superior de Agricultura Luiz de Queiroz, Piracicaba, SP (Brazil)
650 _aPoluicao ambiental
650 _aToxicologia de alimento
650 _aAlimento
650 _aAgua
650 _aMercurio
650 _aDiluicao isotopica
909 _a202309
_bLucia
_c55
_dLucia Elande
942 _cBK
999 _c21784
_d21784